000 00269nam a2200121Ia 4500
008 240624s9999 xx 000 0 und d
041 _aeng
082 _a823 WOD
100 _aWODEHOUSE P G
245 _aJEEVES OMNIBUS V
260 _aLondon
_bHutchinson
365 _cRS
999 _c21499
_d21499